| 000 | 01193nam a2200277 i 4500 | ||
|---|---|---|---|
| 001 | 184539 | ||
| 003 | ES-MaACL | ||
| 005 | 20231119164332.0 | ||
| 008 | 151019s2009 sp |||| | spa d | ||
| 080 | _a22(0:82) | ||
| 080 | _a821.134.2.09 | ||
| 245 | 0 | 3 |
_aLa Biblia en la literatura española _b: los relatos de los orígenes : del Paraíso a Babel / _c[presentación de la revista, Claudio García Turza ; presentación del volumen, Gregorio del Olmo Lete]. |
| 260 |
_aLogroño : _bFundación San Millán de la Cogolla, Cilengua - Instituto Orígenes del Español, _c2009. |
||
| 300 |
_a404 p. ; _c24 cm. |
||
| 504 | _aReferencias bibliográficas. | ||
| 630 | 0 |
_aBiblia- _xEn la literatura. _9119242 |
|
| 650 | 1 | 4 |
_aLiteratura española- _yHasta S.XV- _xHistoria y crítica. _9147212 |
| 700 | 1 |
_aGarcía Turza, Claudio. _955348 |
|
| 700 | 1 |
_aOlmo Lete, G. del. _9157933 |
|
| 710 | 2 |
_aFundación San Millán de la Cogolla. _94413 |
|
| 740 | 0 | 2 | _aBiblias hispánicas. |
| 852 |
_aES-MaACL _jA-13590 _9191540 _bR.150828 _cDEPO1 _dOlim: N-6590 _hDonación: Real Academia Española |
||
| 914 |
_96336 _aReal Academia Española _ednr |
||
| 942 |
_2udc _cMONOGRAFIA |
||
| 999 |
_c184539 _d184539 |
||